Quizzes
Events
Quiz Creation
Community
Videos
Private Events
Remove Ads
Sign In
Join for FREE
Feedback
Dark Mode
Quiz Categories
Sports
Geography
Music
Movies
Television
Just For Fun
Miscellaneous
History
Literature
Language
Science
Gaming
Entertainment
Religion
Holiday
For Kids
Quiz Lab
Recent
Popular Today
Quiz Kudos Today
Editor Picks
Curator Picks
Quizzes by...
Day
Popularity
Type
Ratings
Length
Year
Community
Subscriptions
Recent Discussions
Orange Saloon
Badges
Playlists
Quests
Create
Leaderboards
Showdown
Live 5
Trivia Bingo
Activity
Puzzle Library
Sporcle Events
Private Events
Virtual Trivia
Globe League
Become a Host
Pub Owners
SporcleCon
Opinionation
Our Games
Videos
Blog
Mobile Apps
Partnerships
Remove Ads and Go Orange
Feedback
Television
TV Characters
TV Show
Sitcom
Network
Friends
Reality Shows
Cast
South Park
Star Trek
The Simpsons
Doctor Who
Television
TV Characters
TV Show
Sitcom
Network
Friends
Reality Shows
Cast
South Park
Star Trek
The Simpsons
Doctor Who
Random Quiz
Search Sporcle
×
Quiz Lab
Quiz Lab
Television
Show
Type in answers that appear in a list
Type in answers that appear in a list
Classic
Best Score? Go Orange.
TV Moms and Dads Stats
Can you name the TV series based on the first names of the parents of a main character?
By
dontdosadness
10m
30 Questions
787 Plays
787 Plays
787 Plays
Comments
Comments
Give Quiz Kudos
Give Quiz Kudos
-
- Ratings
hide this ad
More Info
Random Order
Randomize order of answers
Randomize order of answers
Replay
Link that replays current quiz
Next Quiz
Link to next quiz in quiz playlist
You Got
0%
They Got
Avg Score
43%
Avg Friend Score
Upgrade to see
Score Distribution
Jump to the score distribution portion of the page
Score
0/30
Timer
10:00
0
Plays Today
Parent(s)
TV Show
% Correct
Marge and Homer*
The Simpsons
89.6%
Wilma and Fred*
The Flintstones
86.3%
Roseanne and Dan
Roseanne
85.3%
Lois and Peter*
Family Guy
82.6%
Debra and Ray
Everybody Loves Raymond
77.4%
Jill and Tim
Home Improvement
72.9%
Edith and Archie
All in the Family
66.5%
Lorelai and Chris
Gilmore Girls
60.9%
Pam and Jim
The Office
55.7%
Carmela and Tony
The Sopranos
54%
Lois and Hal
Malcolm in the MIddle
52.6%
Estelle and Frank
Seinfeld
45.5%
Pam and Danny
Full House
45%
Lynette and Tom
Desperate Housewives
44.3%
Claire and Phil
Modern Family
38.1%
Parent(s)
TV Show
% Correct
Andy
Andy Griffith
36.8%
Judy and Jack
Friends
36.7%
Annie and Eric
7th Heaven
34.3%
Karen and Stan
Will and Grace
31%
Judith and Allen
Two and a Half Men
29.5%
Ted
How I Met Your Mother
29.2%
Amy and Alan
Boy Meets World
28.5%
Ellis and Thatcher
Grey's Anatomy
23%
Lucile and George
Arrested Development
22%
Olivia and John
The Waltons
20.8%
Nancy and Judah
Weeds
16.1%
Ruth and Nathaniel
Six Feet Under
13.2%
Harry
Dexter
7%
Jackie and Kevin
Nurse Jackie
6.6%
Millicent
The Torkelsons
4.4%
Quiz Playlist
Details
Report
Send in Message
Add To Playlist
More Info:
* - indicates animated series
Classic:
Type in answers that appear in a list
Random Order:
Randomize order of answers
Last Updated: Feb 16, 2017
Quiz Scoreboard
CHALLENGE
Sign Up to Join the Scoreboard
Show All
Scores
Hide
Comments
May contain spoilers
Recently Published
9x9 Crossword: Cartoon Network
by jackfrog10
Miscellaneous
3m
College Basketball Coaching Resumes
by pancakes188
Sports
9m
Billboard Blitz: Fleetwood Mac
by CooCooCachoo
Music
15s
More to Explore
Quiz From the Vault
Featured Blog Post
Where Did the Easter Bunny Come From?
hide this ad
You Might Also Like...
Tags
Show Quiz
child
dad
mom
parent
ren
Today's Top Quizzes in Television
Browse Television
hide this ad
Today's Top Quizzes in Show
Browse Show
Top Contributed Quizzes in Television
1
5-to-1: The Simpsons Families
2
5-to-1: Television Doctors
3
7-to-1: TV Show Settings
4
5-to-1: Streaming Originals
5
Adjectives in 00s TV Shows
6
One Piece Logic Puzzle
7
Survivor Seasons
8
Adjectives in 80s TV Shows
9
All US Survivor Seasons in Order
10
Adjectives in 10s TV Shows
Explore More
Trending Topics
NBA
Harry Potter
Crossword
Kpop
Anime
Disney
Marvel
Soccer
Puzzle
WWE
Country
NFL
Song
Pokémon
The Office
hide this ad
More By:
dontdosadness
Quiz
Plays
Rating
Category
Featured
Created
Broadway Opening Numbers
5,696
4.42
Entertainment
Aug 6, 2010
TV Moms and Dads
787
4.00
Television
Aug 8, 2010
Playbills by Cover 3
607
4.40
Entertainment
Oct 12, 2010
Broadway Show Acronyms
540
3.40
Entertainment
Aug 4, 2010
OBC Broadway Actors
308
3.00
Entertainment
Jul 27, 2010
Go to Creator's Profile
Score Distribution
Quiz Creator Spotlight
dontdosadness
Follow
Send a Message
Quizzes Created
-
Created Quiz Play Count
-
More By This Creator
Popular Quizzes Today
1
Find the US States - No Outlines Minefield
2
Find the Countries of Europe - No Outlines Minefield
3
The Countries of the World
4
Find the US States
5
Risky Map Clicking: Biggest States A-Z
6
US States
7
Popular People in 1961
8
Movies - When Are They Set?
More Television Quizzes
10-to-1: It's Always Sunny in Philadelphia
Quiz Lab
Trending Quizzes
Risky Map Clicking: Least Populous States A-Z
1-10 Letter G Words
1-10 Letter F Words
Risky Map Clicking: Next State Alphabetically
Adjectives in 80s TV Shows
Recently Updated
Leaping Animals
pecheneg
Reality TV Shows (A-Z)
bhenderson79
Rickey Henderson's Hall of Fame Teammates
pecheneg
Champions League XIs: Arsenal
pecheneg
Quick Pick: Celebrities in WWE's Hall of Fame
aduchscher
A-Z Keypad Blitz II
pecheneg
Multiple Oscar Actors
pecheneg
Mystery Phrase Blitz: Oscar 'Best Actors'
pecheneg
F. Scott Fitzgerald Novels
LTH
Pick 3 Villains
ddd62291
Trending Topics
NBA
Crossword
Anime
Kpop
Disney
Marvel
Harry Potter
Puzzle
Soccer
Pokémon
Song
Country
The Office
NFL
WWE
Your Account Isn't Verified!
In order to create a playlist on Sporcle, you need to verify the email address you used during registration. Go to your
Sporcle Settings
to finish the process.
Report this User
Report this user for behavior that violates our
Community Guidelines
.
Details:
Send Report
Go to the Sporcle.com Mobile Site →
Comments